Traduction en Espagnol - Thème Émotions & Sentiments - Statistiques

Statistiques générales
  • Ce quiz a été pris 73 fois
  • Le résultat moyen est 15 sur 92
Statistiques - réponses
Français Espagnol % Correct
Abandonné Abandonado
71%
Amoureux Enamorado
71%
Triste Triste
54%
Agressif Agresivo
50%
Absent Ausente
50%
Curieux Curioso
46%
Peur Miedo
46%
Affectueux Afectuoso
42%
Arrogant Arrogante
42%
Heureux Feliz
42%
Nerveux Nervioso
42%
Jaloux Celoso
38%
Désespéré Desesperado
38%
Tranquille Tranquilo
38%
Accusateur Acusador
33%
Alarmé Alarmado
29%
Coupable Culpable
29%
Douleur / Chagrin Dolor / Pena
29%
Motivé Motivado
29%
Nostalgique Nostálgico
29%
Agité Agitado
25%
Apprécié Apreciado
25%
Inspiré Inspirado
25%
Mélancolique Melancólico
25%
Ennuyé Aburrido
21%
Anxieux Ansioso
21%
Déçu Decepcionado
21%
Empathique Empático
21%
Optimiste Optimista
21%
Satisfait Satisfecho
21%
Abattu Abatido
17%
Joyeux Alegre
17%
Angoissé Angustiado
17%
Attiré Atraído
17%
Amusé Divertido
17%
Blessé Herido
17%
Impatient Impaciente
17%
Indécis Indeciso
17%
Indifférent Indiferente
17%
Fier Orgulloso
17%
Pessimiste Pesimista
17%
Solitaire Solitario
17%
Confiant / Assuré Confiado / Seguro
13%
Mécontent Descontento
13%
Frustré Frustrado
13%
Admiratif Admirado
8%
Épuisé Agotado
8%
Reconnaissant Agradecido
8%
Agacé Molesto
8%
Inquiet Preocupado
8%
Détendu Relajado
8%
Serein Sereno
8%
Surpris Sorprendido
8%
Vaincu Vencido
8%
Accablé / Submergé Abrumado
4%
Soulagé Aliviado
4%
Amer Amargado
4%
Étonné Asombrado
4%
Apeuré Asustado
4%
Abasourdi / Sonné Aturdido
4%
Embarrassé Avergonzado
4%
Honteux Avergonzado
4%
Bienveillant Benevolente
4%
Bouleversé Conmocionado
4%
Ému Conmovido
4%
Méprisant Despreciativo
4%
Excité Emocionado
4%
En colère Enojado
4%
Attristé Entristecido
4%
Envieux Envidioso
4%
Stupéfait Estupefacto
4%
Gêné Incómodo
4%
Offensé Ofendido
4%
Révolté Rebelde
4%
Traumatisé Traumatizado
4%
Dégoûté / Écœuré Asqueado
0%
Effrayé Aterrorizado
0%
Captivé Cautivado
0%
Confus Confundido
0%
Découragé Desanimado
0%
Refroidi Desanimado
0%
Déterminé Desesperado
0%
Paniqué En pánico
0%
Enthousiaste Entusiasmado
0%
Vexé Ofendido
0%
Troublé Perturbado
0%
Épanoui Pleno
0%
Rassuré Reasegurado
0%
Sécurisé Seguro
0%
Apaisé Tranquilizado
0%
Valorisant Valorado
0%
Vengeur Vengativo
0%
Aucun quiz correspondant
Distribution des résultats
% des personnes avec chaque résultat
Percentile par nombre de réponses
Votre historique - résultats
Vous n’avez pas pris ce quiz